| 000 | 004940000a22001930004500 | ||
|---|---|---|---|
| 001 | 003967 | ||
| 003 | MACL | ||
| 005 | 20150707160324.0 | ||
| 008 | 150707b xxu||||| |||| 00| 0 eng d | ||
| 040 |
_aMACL _cMACL |
||
| 041 | _aEnglish | ||
| 082 | _a307.7/PAD | ||
| 100 |
_aPandhy, Kishore C _91281 |
||
| 245 |
_aThe Challenges Of Tribal Development _cKishore C Pandhy |
||
| 260 |
_aNew Delhi _c2000 _bSarup & Sons, |
||
| 350 | _a475 | ||
| 650 |
_aSocial Science _91282 |
||
| 942 |
_k308 _cBK _2ddc |
||
| 999 |
_c15860 _d15860 |
||